00483nam a2200145Ia 450000500170000000800460001703700120006304000200007504100130009508400230010824500780013126001040020930000090031354600150032220250508155452.0008 250505s9999 xx 000 0 eng d aTextual aFEDLbengcFEDL aeng2eng a370.706, NCEqFEDL 0aAnnual report of the nationa council of educational research and training aNew Delhi, India bThe Publication Unit National Council of Educational Research and Trainingc1963 a40p. aWeeded out